000 00274nam a2200121 a 4500
008 101210s1955|||| d
100 1 _aBokesová, Zdenka
245 1 0 _aŠimon Jurovský
260 _bVKL
_aBratislava
_c1955
020 _c3
041 _aslo
044 _axo
_cSK
999 _c15113
_d15113